Statistiques concernant Batterie faible - Damso

Cliquez ici pour prendre le quiz!

Statistiques générales

  • Ce quiz a été pris 50 fois
  • Le résultat moyen est 6 sur 11

Statistiques - réponses

Titres% Correct
9BruxellesVie
84%
1Périscope
84%
10Autotune
81%
2Débrouillard
58%
3Exutoire
58%
11Monde
52%
8Beautiful
48%
7Graine de sablier
48%
4Quotidien de baisé
48%
5Sombre
45%
6QuedelaVie
29%

Distribution des résultats

Percentile par nombre de réponses

% des personnes avec chaque résultat

Votre développement - résultats

Vous n’avez pas pris ce quiz